[Event "Sibiria Region-ch Seniors"]
[Site "Prokopevsk"]
[Date "2012.03.19"]
[Round "8"]
[White "Abramov, Boris"]
[Black "Lykov, Vasili"]
[Result "1/2-1/2"]
[WhiteElo "2149"]
[BlackElo "2117"]
[PlyCount "107"]
[EventDate "2012.03.12"]
[EventType "swiss"]
[EventRounds "9"]
[EventCountry "RUS"]
[SourceTitle "EXT 2013"]
[Source "ChessBase"]
[SourceDate "2012.11.22"]
[SourceVersion "1"]
[SourceVersionDate "2012.11.22"]
[SourceQuality "1"]

1. b3 e5 2. Bb2 Nc6 3. e3 Nf6 4. Bb5 d6 5. f4 exf4 6. exf4 Bg4 7. Nf3 Qe7+ 8. Kf2 Ne4+ 9. Kf1 0-0-0 10. Bxc6 bxc6 11. Qe2 Re8 12. Nc3 Bxf3 13. gxf3 Nxc3 14. Qxe7 Bxe7 15. Bxc3 Rhg8 16. Re1 g6 17. Bd4 Bh4 18. Bf2 Rxe1+ 19. Bxe1 Bxe1 20. Kxe1 Kd7 21. Kf2 Re8 22. Rg1 a5 23. f5 Re5 24. fxg6 hxg6 25. Rg4 Rc5 26. c3 Rd5 27. Ke3 Re5+ 28. Kf2 Rh5 29. h4 c5 30. Ra4 Kc6 31. Rxa5 Rxh4 32. Ra8 Rh2+ 33. Ke3 f5 34. Rg8 f4+ 35. Kd3 Rg2 36. a4 g5 37. Rg7 Rf2 38. Rxg5 Rxf3+ 39. Ke2 Rh3 40. Rf5 Rh2+ 41. Ke1 Rh1+ 42. Ke2 Rb1 43. Rxf4 Rxb3 44. Kd3 Rb2 45. Rh4 Ra2 46. Rg4 Kb6 47. Rh4 d5 48. Rg4 c4+ 49. Ke3 Rxa4 50. Rg8 Kc5 51. Re8 Ra3 52. Ke2 c6 53. Kd1 Ra2 54. Kc1 1/2-1/2

[Event "Sibiria Region-ch Seniors"]
[Site "Prokopevsk"]
[Date "2012.03.17"]
[Round "6"]
[White "Abramov, Boris"]
[Black "Zykina, Nadezhda"]
[Result "1-0"]
[WhiteElo "2149"]
[BlackElo "2089"]
[PlyCount "61"]
[EventDate "2012.03.12"]
[EventType "swiss"]
[EventRounds "9"]
[EventCountry "RUS"]
[SourceTitle "EXT 2013"]
[Source "ChessBase"]
[SourceDate "2012.11.22"]
[SourceVersion "1"]
[SourceVersionDate "2012.11.22"]
[SourceQuality "1"]

1. e4 e5 2. Nf3 d6 3. d4 Qe7 4. Bc4 h6 5. 0-0 c6 6. dxe5 dxe5 7. b3 Qc7 8. Bb2 Nd7 9. a4 Be7 10. a5 g5 11. Kh1 Ngf6 12. Nbd2 Rg8 13. Qe2 Nh7 14. b4 Bxb4 15. Bxf7+ Kxf7 16. Qc4+ Kg7 17. Qxb4 Re8 18. Nc4 Nhf8 19. h4 g4 20. Nh2 Nf6 21. Nd6 Re7 22. f4 Ng6 23. fxe5 Nxe5 24. Nc4 Kg6 25. Nxe5+ Rxe5 26. Qf8 Re6 27. Rxf6+ Rxf6 28. Qxf6+ Kh7 29. Qh8+ Kg6 30. Qe8+ Qf7 31. h5+ 1-0

[Event "Sibiria Region-ch Seniors"]
[Site "Prokopevsk"]
[Date "2012.03.16"]
[Round "5"]
[White "Khorganov, Vladimir"]
[Black "Abramov, Boris"]
[Result "1/2-1/2"]
[WhiteElo "2092"]
[BlackElo "2149"]
[PlyCount "34"]
[EventDate "2012.03.12"]
[EventType "swiss"]
[EventRounds "9"]
[EventCountry "RUS"]
[SourceTitle "EXT 2013"]
[Source "ChessBase"]
[SourceDate "2012.11.22"]
[SourceVersion "1"]
[SourceVersionDate "2012.11.22"]
[SourceQuality "1"]

1. e4 c6 2. d4 g6 3. Bc4 d5 4. exd5 cxd5 5. Bb5+ Nc6 6. Nf3 Bg4 7. h3 Bxf3 8. Qxf3 Bg7 9. c3 e6 10. 0-0 Nge7 11. Bg5 Rc8 12. Re1 0-0 13. Bxc6 bxc6 14. Na3 h6 15. Bh4 g5 16. Bg3 Nf5 17. Nc2 Nxg3 1/2-1/2

[Event "Sibiria Region-ch Seniors"]
[Site "Prokopevsk"]
[Date "2012.03.13"]
[Round "2"]
[White "Abramov, Boris"]
[Black "Morozov, Vasiliy"]
[Result "1/2-1/2"]
[WhiteElo "2149"]
[BlackElo "2018"]
[PlyCount "125"]
[EventDate "2012.03.12"]
[EventType "swiss"]
[EventRounds "9"]
[EventCountry "RUS"]
[SourceTitle "EXT 2013"]
[Source "ChessBase"]
[SourceDate "2012.11.22"]
[SourceVersion "1"]
[SourceVersionDate "2012.11.22"]
[SourceQuality "1"]

1. e4 e6 2. d3 c5 3. g3 b6 4. Bg2 Bb7 5. Nf3 d6 6. 0-0 Nf6 7. Re1 Nbd7 8. a4 Qc7 9. a5 b5 10. a6 Bc6 11. Nbd2 Rd8 12. Nf1 Be7 13. Bd2 0-0 14. h4 Rfe8 15. Bh3 Nb6 16. Bf4 b4 17. b3 Nh5 18. Bg5 g6 19. Bxe7 Qxe7 20. Qd2 Qf6 21. N1h2 Nd7 22. Ng4 Qe7 23. Nh6+ Kh8 24. g4 Nhf6 25. g5 Nh5 26. Bg4 Rf8 27. Bxh5 gxh5 28. Qf4 Nb6 29. Qf6+ Qxf6 30. gxf6 Be8 31. Kh2 Nd7 32. Rg1 Nxf6 33. Rg5 Ng8 34. Rxg8+ Rxg8 35. Nxg8 Kxg8 36. Rg1+ Kh8 37. e5 dxe5 38. Nxe5 f6 39. Nc4 Rd4 40. Kh3 e5 41. f3 Bd7+ 42. Kg3 Kg7 43. Ra1 Bb5 44. Ra5 Bxc4 45. dxc4 Rd6 46. Rxc5 Rxa6 47. Rc7+ Kg6 48. Rb7 Ra2 49. Rxb4 Rxc2 50. Rb7 Rc3 51. Kf2 a5 52. Ke2 a4 53. Kd2 Rxb3 54. Rxb3 axb3 55. Kc3 Kf7 56. Kxb3 f5 57. c5 Ke6 58. Kc4 h6 59. c6 Kd6 60. c7 Kxc7 61. Kd5 e4 62. fxe4 fxe4 63. Kxe4 1/2-1/2

[Event "Izmailov Memorial op 15th"]
[Site "Tomsk"]
[Date "2011.06.09"]
[Round "9"]
[White "Lazarenko, Petr"]
[Black "Abramov, Boris"]
[Result "1/2-1/2"]
[WhiteElo "2032"]
[BlackElo "2164"]
[PlyCount "130"]
[EventDate "2011.06.01"]
[EventType "swiss"]
[EventRounds "9"]
[EventCountry "RUS"]
[SourceTitle "EXT 2013"]
[Source "ChessBase"]
[SourceDate "2012.11.22"]
[SourceVersion "1"]
[SourceVersionDate "2012.11.22"]
[SourceQuality "1"]

1. e4 c6 2. d4 g6 3. f4 d5 4. e5 h5 5. Bd3 Nh6 6. Nf3 Bg4 7. h3 Bxf3 8. Qxf3 e6 9. a4 c5 10. dxc5 Bxc5 11. c3 a6 12. b4 Be7 13. Be3 Nc6 14. b5 axb5 15. Bxb5 Nf5 16. Bf2 Kf8 17. 0-0 Kg7 18. Nd2 Na5 19. Bd3 h4 20. Kh2 Nh6 21. Rfb1 Qc7 22. c4 dxc4 23. Nxc4 Nxc4 24. Rxb7 Nd2 25. Rxc7 Nxf3+ 26. gxf3 Bd8 27. Rb7 Ng8 28. Be4 Ra6 29. Ra7 Rxa7 30. Bxa7 Ba5 31. Be3 Ne7 32. Rb1 Nf5 33. Bxf5 gxf5 34. Rb7 Be1 35. Ra7 Bg3+ 36. Kg2 Rc8 37. Rd7 Rc4 38. Rd4 Rc2+ 39. Rd2 Rc4 40. Ra2 Bxf4 41. Bxf4 Rxf4 42. a5 Rb4 43. a6 Rb8 44. a7 Ra8 45. f4 Kf8 46. Kf3 Ke7 47. Ke3 Kd7 48. Kd4 Kc6 49. Kc4 Kb6 50. Kb4 Kc6 51. Ra6+ Kd5 52. Kb5 Ke4 53. Ra4+ Kf3 54. Kc6 Kg3 55. Kb7 Rxa7+ 56. Kxa7 Kxh3 57. Kb6 Kg3 58. Kc5 h3 59. Kd6 h2 60. Ra3+ Kg4 61. Ra1 Kxf4 62. Ke7 Kg3 63. Kxf7 f4 64. Kxe6 f3 65. Kd7 Kg2 1/2-1/2

[Event "Izmailov Memorial op 15th"]
[Site "Tomsk"]
[Date "2011.06.03"]
[Round "3"]
[White "Klenin, Georgiy"]
[Black "Abramov, Boris"]
[Result "0-1"]
[WhiteElo "1713"]
[BlackElo "2164"]
[PlyCount "94"]
[EventDate "2011.06.01"]
[EventType "swiss"]
[EventRounds "9"]
[EventCountry "RUS"]
[SourceTitle "EXT 2013"]
[Source "ChessBase"]
[SourceDate "2012.11.22"]
[SourceVersion "1"]
[SourceVersionDate "2012.11.22"]
[SourceQuality "1"]

1. d4 d6 2. Nf3 g6 3. e4 c5 4. c3 Nf6 5. Bd3 Bg7 6. 0-0 0-0 7. h3 Nc6 8. d5 Ne5 9. Nxe5 dxe5 10. c4 Ne8 11. b3 Nd6 12. Bb2 f5 13. f3 f4 14. Bc3 Qe8 15. b4 b6 16. a4 Bd7 17. a5 Qf7 18. Qe2 h5 19. Qb2 Qf6 20. Na3 g5 21. Kf2 e6 22. Rh1 exd5 23. cxd5 Rfc8 24. Nc4 Nxc4 25. Bxc4 cxb4 26. Qxb4 Bf8 27. d6+ Be6 28. Bxe6+ Qxe6 29. Rhd1 bxa5 30. Rxa5 Rab8 31. Qa3 Rb3 32. Qa2 Rcxc3 33. d7 Qb6+ 34. Kf1 Be7 35. Rxe5 Bd8 36. Re8+ Kg7 37. Qf2 Re3 38. Qa2 g4 39. hxg4 hxg4 40. Qa1+ Rb2 41. Rd2 Qb5+ 42. Kg1 Bb6 43. Rg8+ Kxg8 44. d8Q+ Bxd8 45. Rxb2 Qc5 46. Kh1 g3 47. Qa2+ Kf8 0-1

[Event "SFR-ch Seniors"]
[Site "Kiselevsk"]
[Date "2010.10.16"]
[Round "8"]
[White "Popov, Vladimir P"]
[Black "Abramov, Boris"]
[Result "0-1"]
[WhiteElo "2009"]
[BlackElo "2187"]
[PlyCount "62"]
[EventDate "2010.10.11"]
[EventType "swiss"]
[EventRounds "9"]
[EventCountry "RUS"]
[SourceTitle "EXT 2022"]
[Source "ChessBase"]
[SourceDate "2021.10.06"]
[SourceVersion "1"]
[SourceVersionDate "2021.10.06"]
[SourceQuality "1"]

1. e4 g6 2. d4 Bg7 3. Nc3 d6 4. Be3 Nf6 5. f3 c6 6. Qd2 Qa5 7. Nge2 b5 8. Nc1 a6 9. a4 Bb7 10. Nb3 Qc7 11. a5 Nbd7 12. g4 c5 13. d5 Ne5 14. Qf2 0-0 15. Be2 e6 16. g5 Nfd7 17. f4 Nc4 18. Bxc4 bxc4 19. Nd2 Bxc3 20. bxc3 exd5 21. h4 Rfe8 22. h5 d4 23. cxd4 Bxe4 24. Nxe4 Rxe4 25. Kd1 Rae8 26. Ra3 Qb7 27. hxg6 Qb1+ 28. Bc1 Rxd4+ 29. Rd3 cxd3 30. gxf7+ Kxf7 31. Rxh7+ Kg8 0-1

[Event "SFR-ch Seniors"]
[Site "Kiselevsk"]
[Date "2010.10.13"]
[Round "3"]
[White "Abramov, Boris"]
[Black "Kudriashov, Anatolij"]
[Result "1-0"]
[WhiteElo "2187"]
[BlackElo "1838"]
[PlyCount "53"]
[EventDate "2010.10.11"]
[EventType "swiss"]
[EventRounds "9"]
[EventCountry "RUS"]
[SourceTitle "EXT 2022"]
[Source "ChessBase"]
[SourceDate "2021.10.06"]
[SourceVersion "1"]
[SourceVersionDate "2021.10.06"]
[SourceQuality "1"]

1. e4 e5 2. Nf3 Nc6 3. Bb5 Nge7 4. 0-0 a6 5. Bc4 b5 6. Bb3 h6 7. d4 Ng6 8. dxe5 Ngxe5 9. Nxe5 Nxe5 10. Qd5 d6 11. Qxa8 Be7 12. f4 Ng6 13. Qd5 0-0 14. Qh5 Kh7 15. Nc3 c6 16. Be3 a5 17. a4 b4 18. Ne2 Bf6 19. Rad1 Qe7 20. Ng3 Bxb2 21. Qxa5 Bg4 22. Rd3 c5 23. e5 Bd4 24. Bxd4 cxd4 25. Qxb4 Nh4 26. Qxd6 Qe8 27. Qxd4 1-0

[Event "Kemerovo op"]
[Site "Kemerovo"]
[Date "2010.07.29"]
[Round "5"]
[White "Abramov, Boris"]
[Black "Kneita, Arunas"]
[Result "1-0"]
[WhiteElo "2233"]
[BlackElo "2080"]
[PlyCount "111"]
[EventDate "2010.07.26"]
[EventType "swiss"]
[EventRounds "9"]
[EventCountry "RUS"]
[SourceTitle "EXT 2011"]
[Source "ChessBase"]
[SourceDate "2010.11.26"]
[SourceVersion "1"]
[SourceVersionDate "2010.11.26"]
[SourceQuality "1"]

1. g4 d5 2. Bg2 c6 3. g5 e5 4. d3 Be6 5. f4 exf4 6. Bxf4 Qb6 7. Qc1 Nd7 8. Nf3 0-0-0 9. Nbd2 Ne7 10. Nb3 Nf5 11. a4 Bd6 12. Bxd6 Nxd6 13. Qf4 Nf5 14. Nfd4 Nxd4 15. Qxd4 Qxd4 16. Nxd4 Rde8 17. Kd2 Bg4 18. b4 f6 19. h4 Re5 20. gxf6 Nxf6 21. Nf3 Re7 22. b5 c5 23. Bh3 Bxh3 24. Rxh3 Rhe8 25. Re1 d4 26. Rg3 h6 27. Ng1 Nd5 28. Ra1 Nc3 29. Rg2 Kd7 30. e4 Rf8 31. Ne2 Nxe2 32. Kxe2 Rf4 33. Rag1 Rxh4 34. Rxg7 Rh2+ 35. Kd1 Rf2 36. Rxe7+ Kxe7 37. Rg7+ Rf7 38. Rxf7+ Kxf7 39. Ke2 Kf6 40. Kf3 Kg5 41. Kg3 h5 42. a5 h4+ 43. Kf3 Kf6 44. Kg4 Ke5 45. Kxh4 Kf4 46. Kh5 c4 47. Kg6 c3 48. Kf6 Ke3 49. e5 Kd2 50. e6 Kxc2 51. e7 Kb1 52. e8Q c2 53. Qe1+ c1Q 54. Qxc1+ Kxc1 55. Ke5 Kc2 56. Kxd4 1-0

[Event "Kemerovo op"]
[Site "Kemerovo"]
[Date "2010.07.29"]
[Round "6"]
[White "Abramov, Boris"]
[Black "Zimin, Ivan"]
[Result "0-1"]
[WhiteElo "2233"]
[BlackElo "2086"]
[PlyCount "69"]
[EventDate "2010.07.26"]
[EventType "swiss"]
[EventRounds "9"]
[EventCountry "RUS"]
[SourceTitle "EXT 2011"]
[Source "ChessBase"]
[SourceDate "2010.11.26"]
[SourceVersion "1"]
[SourceVersionDate "2010.11.26"]
[SourceQuality "1"]

1. e4 e6 2. d4 d5 3. e5 c5 4. c3 Nc6 5. Nf3 Bd7 6. Be2 b6 7. 0-0 h6 8. Ba6 Qc7 9. a3 c4 10. Bb5 Nxe5 11. Nxe5 Bxb5 12. a4 Bc6 13. f4 g6 14. b3 cxb3 15. Qxb3 Nf6 16. g4 Bd6 17. h3 h5 18. g5 Ne4 19. a5 0-0 20. a6 Kg7 21. Nd2 Nxd2 22. Bxd2 b5 23. Bc1 Rfc8 24. Ba3 Be8 25. Bxd6 Qxd6 26. Nd3 Rab8 27. Nc5 Rc7 28. Rae1 Bd7 29. Re5 Bc8 30. Ra1 Bxa6 31. Ra5 Qc6 32. Qa3 Bc8 33. Rxa7 b4 34. Rxc7 bxa3 35. Rxc6 0-1

[Event "Kemerovo op"]
[Site "Kemerovo"]
[Date "2010.07.27"]
[Round "3"]
[White "Abramov, Boris"]
[Black "Seleznev, Alexander"]
[Result "1-0"]
[WhiteElo "2233"]
[BlackElo "1999"]
[PlyCount "77"]
[EventDate "2010.07.26"]
[EventType "swiss"]
[EventRounds "9"]
[EventCountry "RUS"]
[SourceTitle "EXT 2011"]
[Source "ChessBase"]
[SourceDate "2010.11.26"]
[SourceVersion "1"]
[SourceVersionDate "2010.11.26"]
[SourceQuality "1"]

1. e4 e5 2. Nf3 d6 3. d4 Bg4 4. dxe5 Bxf3 5. Qxf3 dxe5 6. Bc4 Nf6 7. Qb3 Qe7 8. Qxb7 Qb4+ 9. Qxb4 Bxb4+ 10. c3 Bc5 11. f3 Nc6 12. Bb5 Kd7 13. Ke2 Rab8 14. a4 Rb6 15. b4 Bd6 16. Be3 Rb7 17. Na3 Ra8 18. a5 h6 19. Rhd1 Rxb5 20. Nxb5 Ne8 21. Na3 a6 22. Nb1 Ke6 23. Nd2 h5 24. Nb3 g6 25. Rd2 f5 26. exf5+ gxf5 27. Rad1 f4 28. Bc5 Ne7 29. c4 Nf5 30. Kd3 Ke7 31. Re1 Kf6 32. Kc3 Kg5 33. Bf2 Rb8 34. c5 Bf8 35. Kc4 Nf6 36. Rxe5 c6 37. Nd4 Rd8 38. Ne6+ Kg6 39. Rxd8 1-0

[Event "Sibiria Region-ch"]
[Site "Irkutsk"]
[Date "2010.05.19"]
[Round "6"]
[White "Samdanov, Samdan"]
[Black "Abramov, Boris"]
[Result "0-1"]
[WhiteElo "2027"]
[BlackElo "2233"]
[PlyCount "130"]
[EventDate "2010.05.15"]
[EventType "swiss"]
[EventRounds "9"]
[EventCountry "RUS"]
[SourceTitle "CBM 136 Extra"]
[Source "ChessBase"]
[SourceDate "2010.07.02"]
[SourceVersion "2"]
[SourceVersionDate "2010.07.15"]
[SourceQuality "1"]

1. d4 c5 2. d5 g6 3. c4 Bg7 4. Nc3 d6 5. e4 Nf6 6. f3 0-0 7. Bg5 a6 8. a4 b6 9. Qd2 Nbd7 10. Nh3 Ne5 11. Nf2 Nh5 12. Be2 f6 13. Be3 f5 14. f4 Ng4 15. Nxg4 fxg4 16. 0-0 g3 17. h3 e5 18. dxe6 Bxe6 19. f5 Bf7 20. fxg6 hxg6 21. Bxh5 gxh5 22. Nd5 Qe8 23. Bh6 Qe5 24. Bxg7 Kxg7 25. Rf5 Qd4+ 26. Qxd4+ cxd4 27. Nxb6 Bg6 28. Rg5 Rae8 29. Rxg3 Rxe4 30. b4 Re2 31. Rd1 h4 32. Rg4 d3 33. Nd5 d2 34. Kh2 Rff2 35. Nc3 Re1 36. Rd4 Rff1 37. Rxh4 Rxd1 38. Nxd1 Rxd1 39. Rd4 Bf7 40. b5 axb5 41. cxb5 d5 42. b6 Rb1 43. a5 Rb5 44. Rxd2 Rxa5 45. Rb2 Ra8 46. g4 Kf6 47. Kg3 Ke5 48. h4 d4 49. h5 d3 50. Kh4 Bd5 51. g5 Rd8 52. g6 Bb7 53. g7 Kf6 54. h6 Kf7 55. Rd2 Kg8 56. Kg5 Ba6 57. Rh2 Kh7 58. Rd2 Rd6 59. Rf2 d2 60. Rf8 Rg6+ 61. Kf5 Bd3+ 62. Kf4 Kxh6 63. b7 d1Q 64. b8Q Qg4+ 65. Ke3 Qe4+ 0-1

[Event "Sibiria Region-ch"]
[Site "Irkutsk"]
[Date "2010.05.16"]
[Round "3"]
[White "Abramov, Boris"]
[Black "Ginzburg, Alexander"]
[Result "1-0"]
[WhiteElo "2233"]
[BlackElo "2013"]
[PlyCount "109"]
[EventDate "2010.05.15"]
[EventType "swiss"]
[EventRounds "9"]
[EventCountry "RUS"]
[SourceTitle "CBM 136 Extra"]
[Source "ChessBase"]
[SourceDate "2010.07.02"]
[SourceVersion "2"]
[SourceVersionDate "2010.07.15"]
[SourceQuality "1"]

1. e4 c6 2. d3 g6 3. g3 Bg7 4. Bg2 d6 5. Nf3 Nf6 6. 0-0 0-0 7. Nc3 e5 8. h3 Nbd7 9. a4 a5 10. d4 exd4 11. Nxd4 Qc7 12. Bf4 Ne5 13. Re1 b6 14. g4 Ba6 15. Bg3 g5 16. Nf5 Rad8 17. Qc1 h6 18. f4 gxf4 19. Bxf4 Rfe8 20. Nxg7 Kxg7 21. Bxh6+ Kh7 22. Bg5 Ned7 23. Qf4 Re6 24. Qf5+ Kg7 25. Rad1 Rde8 26. Bc1 Ne5 27. Qf2 Rh8 28. b3 Bc8 29. Bf4 Nh7 30. Ne2 Rg6 31. Ng3 Ng5 32. Nf5+ Kf8 33. Qg3 Ne6 34. Bc1 Nc5 35. Bb2 Ncd7 36. Nxd6 Rxd6 37. Bxe5 Nxe5 38. Qxe5 Rhh6 39. Rxd6 Rxd6 40. Qh8+ Ke7 41. e5 Rd2 42. Qf6+ Ke8 43. Bxc6+ Bd7 44. Bxd7+ Qxd7 45. e6 Qd4+ 46. Qxd4 Rxd4 47. exf7+ Kxf7 48. Kf2 Rd2+ 49. Re2 Rd1 50. Kg3 Rg1+ 51. Kh2 Rd1 52. h4 Kf6 53. Rf2+ Ke5 54. g5 Rd4 55. Kh3 1-0

[Event "Sibiria Region-ch"]
[Site "Irkutsk"]
[Date "2010.05.16"]
[Round "2"]
[White "Kiselyov, Sergei"]
[Black "Abramov, Boris"]
[Result "1/2-1/2"]
[WhiteElo "2103"]
[BlackElo "2233"]
[PlyCount "131"]
[EventDate "2010.05.15"]
[EventType "swiss"]
[EventRounds "9"]
[EventCountry "RUS"]
[SourceTitle "CBM 136 Extra"]
[Source "ChessBase"]
[SourceDate "2010.07.02"]
[SourceVersion "2"]
[SourceVersionDate "2010.07.15"]
[SourceQuality "1"]

1. e4 c6 2. d4 g6 3. Bd3 d5 4. e5 Bg7 5. Ne2 Nh6 6. Nd2 Bf5 7. Nf3 Bg4 8. Ng3 e6 9. 0-0 Nf5 10. Nxf5 gxf5 11. h3 Bxf3 12. Qxf3 Qh4 13. Be3 Bh6 14. b3 Nd7 15. c4 0-0 16. cxd5 cxd5 17. Kh2 Bxe3 18. Qxe3 Rfc8 19. Rac1 Nf8 20. g3 Qe7 21. Kg2 Kg7 22. g4 fxg4 23. hxg4 h6 24. f4 Qh4 25. Qf3 h5 26. gxh5 f5 27. exf6+ Qxf6 28. Qg4+ Kh6 29. f5 Rxc1 30. Rxc1 exf5 31. Bxf5 Qg5 32. Rc7 Re8 33. Qxg5+ Kxg5 34. Bd3 Ne6 35. Rc3 Nxd4 36. Rc5 Re5 37. Bc4 Ne6 38. Ra5 b6 39. Rb5 a6 40. Rxb6 dxc4 41. bxc4 Kxh5 42. Rxa6 Kg4 43. Kf2 Nf4 44. Ra8 Re2+ 45. Kf1 Kf3 46. c5 Rf2+ 47. Ke1 Nd3+ 48. Kd1 Ke3 49. Re8+ Kd4 50. Ra8 Nxc5 51. Rd8+ Ke3 52. Re8+ Ne4 53. a4 Ra2 54. a5 Rxa5 55. Kc2 Rd5 56. Rh8 Rc5+ 57. Kb3 Kd4 58. Rd8+ Ke3 59. Rh8 Rb5+ 60. Kc4 Nd6+ 61. Kc3 Rc5+ 62. Kb4 Rc4+ 63. Kb3 Re4 64. Kc3 Nb5+ 65. Kb3 Nd4+ 66. Kc4 1/2-1/2

[Event "Kemerovo op"]
[Site "Kemerovo"]
[Date "2009.10.20"]
[Round "6"]
[White "Sitnikov, Dmitrij"]
[Black "Abramov, Boris"]
[Result "1-0"]
[WhiteElo "2407"]
[BlackElo "2214"]
[PlyCount "103"]
[EventDate "2009.10.16"]
[EventType "swiss"]
[EventRounds "9"]
[EventCountry "RUS"]
[SourceTitle "EXT 2010"]
[Source "ChessBase"]
[SourceDate "2010.11.25"]
[SourceVersion "1"]
[SourceVersionDate "2010.11.25"]
[SourceQuality "1"]

1. e4 c6 2. d4 d5 3. exd5 cxd5 4. c4 Nf6 5. Nc3 e6 6. Nf3 Be7 7. Bd3 Nc6 8. 0-0 0-0 9. Bg5 Nb4 10. Be2 dxc4 11. Bxc4 h6 12. Bh4 Bd7 13. Qb3 a5 14. Bxf6 gxf6 15. a3 a4 16. Qd1 Qc7 17. Qe2 Rfc8 18. Bb5 Bxb5 19. Nxb5 Qc2 20. Qxc2 Rxc2 21. axb4 Rxb2 22. Rfb1 Rxb4 23. Kf1 Ra5 24. Nc3 b5 25. Nd2 Kg7 26. Ke2 Rxd4 27. Nxb5 Rb4 28. Nc3 Rh4 29. h3 Bb4 30. Nce4 Bxd2 31. Nxd2 Re5+ 32. Kf1 Rd5 33. Rb2 Rhd4 34. Nf3 Re4 35. Rba2 Ra5 36. Ra3 f5 37. Nd2 Rb4 38. Nb1 Rc5 39. Nc3 Rbc4 40. Nxa4 Rc1+ 41. Rxc1 Rxc1+ 42. Ke2 Rc2+ 43. Kf3 e5 44. Nc3 Kg6 45. Nd5 Rc5 46. Ra6+ Kg5 47. Rd6 e4+ 48. Ke3 Ra5 49. g3 Ra3+ 50. Kd4 Rd3+ 51. Ke5 Rf3 52. Rd8 1-0

[Event "Kemerovo op 08"]
[Site "Kemerovo"]
[Date "2009.08.23"]
[Round "2"]
[White "Sazhinov, Alexander"]
[Black "Abramov, Boris"]
[Result "1-0"]
[WhiteElo "2331"]
[BlackElo "2214"]
[PlyCount "129"]
[EventDate "2009.08.22"]
[EventType "swiss"]
[EventRounds "9"]
[EventCountry "RUS"]
[SourceTitle "EXT 2012"]
[Source "ChessBase"]
[SourceDate "2011.11.24"]
[SourceVersion "1"]
[SourceVersionDate "2011.11.24"]
[SourceQuality "1"]

1. d4 Nf6 2. Bg5 g6 3. Bxf6 exf6 4. c4 f5 5. e3 Bg7 6. Nc3 0-0 7. Nge2 Re8 8. g3 d6 9. Bg2 c6 10. 0-0 Nd7 11. b4 Nf6 12. Qb3 h5 13. b5 Ne4 14. Rfd1 h4 15. bxc6 bxc6 16. Qa4 hxg3 17. hxg3 Bd7 18. Nxe4 fxe4 19. Rab1 Bg4 20. Rd2 Bxe2 21. Rxe2 Rb8 22. Rxb8 Qxb8 23. Qxc6 Qb1+ 24. Kh2 Re6 25. Bh3 Rf6 26. Qb5 Qd3 27. Rb2 d5 28. Qxd5 Qc3 29. Qb5 g5 30. Qe8+ Kh7 31. Qxe4+ Kh6 32. Rc2 Qe1 33. f4 gxf4 34. gxf4 Rg6 35. Rg2 Rxg2+ 36. Kxg2 Qe2+ 37. Kg3 Qxc4 38. Qh1 Kg6 39. Bg4 Bf6 40. Bh5+ Kg7 41. Qg2 Qd3 42. Kf3+ Kf8 43. Qe2 Qf5 44. Kg3 Qe4 45. Qf3 Qb1 46. Qa8+ Kg7 47. Qg2 Kf8 48. Qf2 Qh7 49. Kg4 Qb1 50. d5 Be7 51. Kg3 Qh7 52. Qe2 Qb1 53. Bf3 Qg6+ 54. Kh3 Qf5+ 55. Kh2 Qh7+ 56. Kg1 Qb1+ 57. Qd1 Qxa2 58. d6 Bh4 59. d7 Qa5 60. Kg2 Qd8 61. e4 Bf6 62. e5 Be7 63. f5 Bc5 64. Qd2 a5 65. f6 1-0

[Event "Kemerovo op"]
[Site "Kemerovo"]
[Date "2009.07.25"]
[Round "8"]
[White "Abramov, Boris"]
[Black "Gusev, Yurij"]
[Result "1/2-1/2"]
[WhiteElo "2214"]
[BlackElo "2148"]
[PlyCount "146"]
[EventDate "2009.07.20"]
[EventType "swiss"]
[EventRounds "9"]
[EventCountry "RUS"]
[SourceTitle "EXT 2022"]
[Source "ChessBase"]
[SourceDate "2021.10.06"]
[SourceVersion "1"]
[SourceVersionDate "2021.10.06"]
[SourceQuality "1"]

1. e4 e5 2. Nf3 Nc6 3. Bb5 a6 4. Bxc6 dxc6 5. 0-0 Bd6 6. d4 exd4 7. Qxd4 Bf8 8. Qxd8+ Kxd8 9. Rd1+ Ke8 10. Bf4 Bg4 11. Bxc7 Bxf3 12. gxf3 Rc8 13. Bf4 Bc5 14. Nc3 Ne7 15. Na4 Ba7 16. c4 b5 17. cxb5 axb5 18. Nc3 f5 19. Bd6 Bb8 20. Bxb8 Rxb8 21. Rd6 Rd8 22. Rxd8+ Kxd8 23. a4 bxa4 24. Rxa4 Kd7 25. Rd4+ Ke6 26. Kg2 Rb8 27. Na4 Rb5 28. b4 Ke5 29. Rc4 g5 30. Nc5 h5 31. Nd3+ Ke6 32. f4 fxe4 33. Rxe4+ Kf6 34. fxg5+ Rxg5+ 35. Kf1 Rb5 36. Rc4 Ke6 37. Ke2 Kd6 38. f4 Rb8 39. Rd4+ Nd5 40. Kf3 Re8 41. Ne5 Rb8 42. Nd3 Re8 43. Re4 Ra8 44. Kg3 Ra3 45. Rd4 Ke6 46. Kh4 Kf5 47. b5 cxb5 48. Rxd5+ Ke4 49. Nb4 Kxf4 50. Rxb5 Ra8 51. Rxh5 Rb8 52. Nd5+ Kf3 53. Kg5 Rg8+ 54. Kf5 Ra8 55. Rh7 Ra5 56. Ke5 Kg4 57. h3+ Kg5 58. h4+ Kg6 59. Rh8 Kg7 60. Rb8 Kg6 61. Rf8 Kg7 62. Rf4 Kg6 63. Ke4 Ra4+ 64. Kf3 Ra1 65. Rg4+ Kh6 66. Kf4 Ra4+ 67. Kf5 Ra5 68. Ke6 Ra6+ 69. Ke5 Ra5 70. Re4 Kh5 71. Ke6 Ra6+ 72. Kf7 Ra7+ 73. Ne7 Rb7 1/2-1/2

[Event "Kemerovo op"]
[Site "Kemerovo"]
[Date "2009.07.23"]
[Round "5"]
[White "Anastasiev, Victor"]
[Black "Abramov, Boris"]
[Result "0-1"]
[WhiteElo "2083"]
[BlackElo "2214"]
[PlyCount "138"]
[EventDate "2009.07.20"]
[EventType "swiss"]
[EventRounds "9"]
[EventCountry "RUS"]
[SourceTitle "EXT 2022"]
[Source "ChessBase"]
[SourceDate "2021.10.06"]
[SourceVersion "1"]
[SourceVersionDate "2021.10.06"]
[SourceQuality "1"]

1. e4 c5 2. f4 d5 3. exd5 Qxd5 4. Nc3 Qd8 5. Bc4 Nf6 6. Nf3 e6 7. d3 Be7 8. 0-0 0-0 9. Kh1 Nc6 10. Be3 a6 11. a4 b6 12. Qe1 Bb7 13. Ng5 Nd5 14. Bd2 Nd4 15. Rc1 Nxf4 16. Bxf4 Bxg5 17. Bxg5 Qxg5 18. Ne4 Qg6 19. c3 Bxe4 20. dxe4 Nc6 21. Rf3 Ne5 22. Rg3 Qf6 23. Ba2 c4 24. Qe2 b5 25. Rf1 Qe7 26. Qh5 f6 27. b3 Rad8 28. axb5 axb5 29. bxc4 bxc4 30. Qe2 Qc5 31. Bb1 Qd6 32. Qh5 Rd7 33. Rh3 g6 34. Rg3 Kg7 35. Qh4 Qd1 36. Kg1 Qe2 37. Rh3 h5 38. Qf4 Rd1 39. Rg3 Rxf1+ 40. Qxf1 Qxf1+ 41. Kxf1 Rb8 42. Bc2 Rb2 43. Bd1 Rb1 44. Ke2 h4 45. Rh3 Rb2+ 46. Ke3 g5 47. g3 hxg3 48. hxg3 Rg2 49. Be2 g4 50. Rh1 Rxg3+ 51. Kd4 Kg6 52. Bxc4 Nxc4 53. Kxc4 e5 54. Rc1 Re3 55. Kd5 Kg5 56. c4 Rd3+ 57. Ke6 Rd8 58. c5 g3 59. c6 Re8+ 60. Kd7 Rg8 61. Rf1 g2 62. Rg1 Kf4 63. c7 Kf3 64. c8Q Rxc8 65. Kxc8 Kf2 66. Ra1 g1Q 67. Rxg1 Kxg1 68. Kd7 Kf2 69. Ke6 Ke3 0-1

[Event "Kemerovo 90 Anniv"]
[Site "Kemerovo"]
[Date "2008.04.23"]
[Round "8"]
[White "Isupov, Vladimir"]
[Black "Abramov, Boris"]
[Result "1-0"]
[WhiteElo "2433"]
[BlackElo "2223"]
[PlyCount "75"]
[EventDate "2008.04.18"]
[EventType "swiss"]
[EventRounds "9"]
[EventCountry "RUS"]
[SourceTitle "EXT 2022"]
[Source "ChessBase"]
[SourceDate "2021.10.06"]
[SourceVersion "1"]
[SourceVersionDate "2021.10.06"]
[SourceQuality "1"]

1. e4 c5 2. Nf3 e6 3. d4 cxd4 4. Nxd4 a6 5. Bd3 Bc5 6. Nb3 Be7 7. c4 d6 8. Nc3 Nd7 9. Be3 Ne5 10. Be2 Qc7 11. Rc1 b6 12. 0-0 Bb7 13. Nd4 Nf6 14. f4 Ned7 15. f5 e5 16. Nd5 Qd8 17. Nc2 Bxd5 18. cxd5 a5 19. Na3 Nxe4 20. Nb5 Ndc5 21. Bd3 0-0 22. Bxe4 Nxe4 23. Qg4 Nf6 24. Qh3 Ne8 25. Qg4 Nf6 26. Qg3 Ne8 27. a4 Ra6 28. Rc2 Kh8 29. Re2 Nf6 30. Kh1 Ne4 31. Qg4 Nf6 32. Qh3 Ne8 33. Qg3 Nf6 34. Rf3 Ng8 35. Qg4 Nf6 36. Qh3 Ne4 37. Bxb6 Ng5 38. Bxd8 1-0